<?xml version="1.0" encoding="UTF-8"?>
<record
    xmlns:xsi="http://www.w3.org/2001/XMLSchema-instance"
    xsi:schemaLocation="http://www.loc.gov/MARC21/slim http://www.loc.gov/standards/marcxml/schema/MARC21slim.xsd"
    xmlns="http://www.loc.gov/MARC21/slim">

  <leader>     nam a22     7a 4500</leader>
  <datafield tag="999" ind1=" " ind2=" ">
    <subfield code="c">56095</subfield>
    <subfield code="d">56095</subfield>
  </datafield>
  <controlfield tag="003">OSt</controlfield>
  <controlfield tag="005">20221128125615.0</controlfield>
  <controlfield tag="008">221128b        xxu||||| |||| 00| 0 eng d</controlfield>
  <datafield tag="040" ind1=" " ind2=" ">
    <subfield code="c">IIMT COLLEGE OF POLYTECHNIC</subfield>
  </datafield>
  <datafield tag="100" ind1=" " ind2=" ">
    <subfield code="a">BHATTACHARYA, S.K.</subfield>
  </datafield>
  <datafield tag="245" ind1=" " ind2=" ">
    <subfield code="a">ELECTRICAL &amp; ELECTRONIC ENGINEERING MATERIALS &amp; COMPONENTS</subfield>
  </datafield>
  <datafield tag="260" ind1=" " ind2=" ">
    <subfield code="a">NEW DELHI</subfield>
    <subfield code="b">KHANNA PUBLISHERS</subfield>
    <subfield code="c">2022</subfield>
  </datafield>
  <datafield tag="300" ind1=" " ind2=" ">
    <subfield code="a">239</subfield>
  </datafield>
  <datafield tag="942" ind1=" " ind2=" ">
    <subfield code="2">ddc</subfield>
    <subfield code="c">02</subfield>
  </datafield>
  <datafield tag="952" ind1=" " ind2=" ">
    <subfield code="0">0</subfield>
    <subfield code="1">0</subfield>
    <subfield code="2">ddc</subfield>
    <subfield code="4">0</subfield>
    <subfield code="7">0</subfield>
    <subfield code="a">10</subfield>
    <subfield code="b">10</subfield>
    <subfield code="d">2022-11-28</subfield>
    <subfield code="i">HO/IN/112</subfield>
    <subfield code="l">1</subfield>
    <subfield code="p">10-B-20788</subfield>
    <subfield code="r">2022-11-28</subfield>
    <subfield code="s">2022-11-28</subfield>
    <subfield code="w">2022-11-28</subfield>
    <subfield code="y">02</subfield>
  </datafield>
  <datafield tag="952" ind1=" " ind2=" ">
    <subfield code="0">0</subfield>
    <subfield code="1">0</subfield>
    <subfield code="2">ddc</subfield>
    <subfield code="4">0</subfield>
    <subfield code="7">0</subfield>
    <subfield code="a">10</subfield>
    <subfield code="b">10</subfield>
    <subfield code="d">2022-11-28</subfield>
    <subfield code="i">HO/IN/112</subfield>
    <subfield code="l">0</subfield>
    <subfield code="p">10-B-20789</subfield>
    <subfield code="r">2022-11-28</subfield>
    <subfield code="w">2022-11-28</subfield>
    <subfield code="y">02</subfield>
  </datafield>
  <datafield tag="952" ind1=" " ind2=" ">
    <subfield code="0">0</subfield>
    <subfield code="1">0</subfield>
    <subfield code="2">ddc</subfield>
    <subfield code="4">0</subfield>
    <subfield code="7">0</subfield>
    <subfield code="a">10</subfield>
    <subfield code="b">10</subfield>
    <subfield code="d">2022-11-28</subfield>
    <subfield code="i">HO/IN/112</subfield>
    <subfield code="l">0</subfield>
    <subfield code="p">10-B-20790</subfield>
    <subfield code="r">2022-11-28</subfield>
    <subfield code="w">2022-11-28</subfield>
    <subfield code="y">02</subfield>
  </datafield>
  <datafield tag="952" ind1=" " ind2=" ">
    <subfield code="0">0</subfield>
    <subfield code="1">0</subfield>
    <subfield code="2">ddc</subfield>
    <subfield code="4">0</subfield>
    <subfield code="7">0</subfield>
    <subfield code="a">10</subfield>
    <subfield code="b">10</subfield>
    <subfield code="d">2022-11-28</subfield>
    <subfield code="i">HO/IN/112</subfield>
    <subfield code="l">0</subfield>
    <subfield code="p">10-B-20791</subfield>
    <subfield code="r">2022-11-28</subfield>
    <subfield code="w">2022-11-28</subfield>
    <subfield code="y">02</subfield>
  </datafield>
  <datafield tag="952" ind1=" " ind2=" ">
    <subfield code="0">0</subfield>
    <subfield code="1">0</subfield>
    <subfield code="2">ddc</subfield>
    <subfield code="4">0</subfield>
    <subfield code="7">0</subfield>
    <subfield code="a">10</subfield>
    <subfield code="b">10</subfield>
    <subfield code="d">2022-11-28</subfield>
    <subfield code="i">HO/IN/112</subfield>
    <subfield code="l">0</subfield>
    <subfield code="p">10-B-20792</subfield>
    <subfield code="r">2022-11-28</subfield>
    <subfield code="w">2022-11-28</subfield>
    <subfield code="y">02</subfield>
  </datafield>
  <datafield tag="952" ind1=" " ind2=" ">
    <subfield code="0">0</subfield>
    <subfield code="1">0</subfield>
    <subfield code="2">ddc</subfield>
    <subfield code="4">0</subfield>
    <subfield code="7">0</subfield>
    <subfield code="a">10</subfield>
    <subfield code="b">10</subfield>
    <subfield code="d">2022-11-28</subfield>
    <subfield code="i">HO/IN/112</subfield>
    <subfield code="l">1</subfield>
    <subfield code="p">10-B-20793</subfield>
    <subfield code="r">2023-10-11</subfield>
    <subfield code="s">2023-10-11</subfield>
    <subfield code="w">2022-11-28</subfield>
    <subfield code="y">02</subfield>
  </datafield>
  <datafield tag="952" ind1=" " ind2=" ">
    <subfield code="0">0</subfield>
    <subfield code="1">0</subfield>
    <subfield code="2">ddc</subfield>
    <subfield code="4">0</subfield>
    <subfield code="7">0</subfield>
    <subfield code="a">10</subfield>
    <subfield code="b">10</subfield>
    <subfield code="d">2022-11-28</subfield>
    <subfield code="i">HO/IN/112</subfield>
    <subfield code="l">1</subfield>
    <subfield code="p">10-B-20794</subfield>
    <subfield code="r">2023-03-13</subfield>
    <subfield code="s">2022-12-22</subfield>
    <subfield code="w">2022-11-28</subfield>
    <subfield code="y">02</subfield>
  </datafield>
  <datafield tag="952" ind1=" " ind2=" ">
    <subfield code="0">0</subfield>
    <subfield code="1">0</subfield>
    <subfield code="2">ddc</subfield>
    <subfield code="4">0</subfield>
    <subfield code="7">0</subfield>
    <subfield code="a">10</subfield>
    <subfield code="b">10</subfield>
    <subfield code="d">2022-11-28</subfield>
    <subfield code="i">HO/IN/112</subfield>
    <subfield code="l">1</subfield>
    <subfield code="p">10-B-20795</subfield>
    <subfield code="r">2024-02-27</subfield>
    <subfield code="s">2023-10-11</subfield>
    <subfield code="w">2022-11-28</subfield>
    <subfield code="y">02</subfield>
  </datafield>
  <datafield tag="952" ind1=" " ind2=" ">
    <subfield code="0">0</subfield>
    <subfield code="1">0</subfield>
    <subfield code="2">ddc</subfield>
    <subfield code="4">0</subfield>
    <subfield code="7">0</subfield>
    <subfield code="a">10</subfield>
    <subfield code="b">10</subfield>
    <subfield code="d">2022-11-28</subfield>
    <subfield code="i">HO/IN/112</subfield>
    <subfield code="l">1</subfield>
    <subfield code="p">10-B-20796</subfield>
    <subfield code="r">2023-02-22</subfield>
    <subfield code="s">2022-12-10</subfield>
    <subfield code="w">2022-11-28</subfield>
    <subfield code="y">02</subfield>
  </datafield>
  <datafield tag="952" ind1=" " ind2=" ">
    <subfield code="0">0</subfield>
    <subfield code="1">0</subfield>
    <subfield code="2">ddc</subfield>
    <subfield code="4">0</subfield>
    <subfield code="7">0</subfield>
    <subfield code="a">10</subfield>
    <subfield code="b">10</subfield>
    <subfield code="d">2022-11-28</subfield>
    <subfield code="i">HO/IN/112</subfield>
    <subfield code="l">1</subfield>
    <subfield code="p">10-B-20797</subfield>
    <subfield code="r">2023-03-03</subfield>
    <subfield code="s">2022-12-16</subfield>
    <subfield code="w">2022-11-28</subfield>
    <subfield code="y">02</subfield>
  </datafield>
</record>
